[Event "NB II. Erkel csoport"]
[Site "Vac"]
[Date "2024.02.18"]
[Round "4.5"]
[White "Adorjan, Attila"]
[Black "Veres, Istvan"]
[Result "1-0"]
[WhiteElo "1983"]
[BlackElo "1973"]
[PlyCount "67"]
[EventDate "2023.10.08"]
[EventType "team-tourn"]
[EventRounds "9"]
[EventCountry "HUN"]
[Source "chess.hu"]
[WhiteTeam "TFSE"]
[BlackTeam "Vaci SC"]
[WhiteTeamCountry "HUN"]
[BlackTeamCountry "HUN"]

1. e4 c5 2. Nc3 Nc6 3. Bb5 Nd4 4. Nf3 Nxb5 5. Nxb5 a6 6. Nc3 e5 7. Nxe5 Qg5 8.
Nf3 Qxg2 9. Rg1 Qh3 10. Nd5 Bd6 11. e5 Qe6 12. Nf4 Qf5 13. d3 Be7 14. Rxg7 Kf8
15. Rg3 b5 16. Nd5 Bb7 17. Nxe7 Nxe7 18. Bh6+ Ke8 19. Qe2 Ng6 20. O-O-O Rc8 21.
Nd2 Qe6 22. c4 Ne7 23. Bg7 Rg8 24. Bf6 Rxg3 25. hxg3 Qf5 26. g4 Qg6 27. f4 Nc6
28. Ne4 Nd4 29. Nd6+ Kf8 30. Qh2 Rb8 31. f5 Qxg4 32. Qxh7 Ne2+ 33. Kd2 Qf4+ 34.
Kc2 1-0

[Event "NB II. Erkel csoport"]
[Site "Vac"]
[Date "2024.02.18"]
[Round "4.6"]
[White "Imecs, Laszlo"]
[Black "Gabula, Adam"]
[Result "1-0"]
[WhiteElo "2063"]
[BlackElo "1971"]
[PlyCount "87"]
[EventDate "2023.10.08"]
[EventType "team-tourn"]
[EventRounds "9"]
[EventCountry "HUN"]
[Source "chess.hu"]
[WhiteTeam "Vaci SC"]
[BlackTeam "TFSE"]
[WhiteTeamCountry "HUN"]
[BlackTeamCountry "HUN"]

1. e4 e6 2. d4 d5 3. e5 c5 4. c3 Nc6 5. Nf3 Bd7 6. a3 cxd4 7. cxd4 Rc8 8. b4
Qb6 9. Bb2 a5 10. b5 Nce7 11. Nc3 Nf5 12. g4 Nfh6 13. h3 f6 14. exf6 gxf6 15.
Na4 Qd8 16. g5 fxg5 17. Ne5 Bd6 18. Qh5+ Kf8 19. Nxd7+ Qxd7 20. Nb6 Qe8 21.
Qf3+ Nf5 22. Nxc8 Qxc8 23. Rc1 Qd7 24. h4 Bf4 25. Rc5 Nge7 26. hxg5 Bxg5 27.
Rg1 Rg8 28. Bd3 Rg7 29. Kf1 Kg8 30. Qh5 Bf6 31. Rxg7+ Bxg7 32. b6 Nc6 33. Rc1
h6 34. a4 Nd6 35. Qg6 Nc8 36. Qh7+ Kf8 37. Ba3+ N8e7 38. Bb5 Kf7 39. Bxe7 Qxe7
40. Bxc6 Qh4 41. Bxd5 exd5 42. Rc7+ Ke6 43. Qxg7 Qh1+ 44. Qg1 1-0

[Event "NB II. Erkel csoport"]
[Site "Vac"]
[Date "2024.02.18"]
[Round "4.7"]
[White "Biro, Zsolt"]
[Black "Slezak, Robert"]
[Result "1/2-1/2"]
[WhiteElo "1885"]
[BlackElo "1962"]
[PlyCount "35"]
[EventDate "2023.10.08"]
[EventType "team-tourn"]
[EventRounds "9"]
[EventCountry "HUN"]
[Source "chess.hu"]
[WhiteTeam "TFSE"]
[BlackTeam "Vaci SC"]
[WhiteTeamCountry "HUN"]
[BlackTeamCountry "HUN"]

1. e4 Nf6 2. e5 Nd5 3. d4 d6 4. c4 Nb6 5. exd6 cxd6 6. Nc3 g6 7. Be3 Bg7 8. Rc1
O-O 9. b3 e5 10. dxe5 dxe5 11. Qxd8 Rxd8 12. c5 N6d7 13. Nf3 Nc6 14. Bc4 h6 15.
Ne4 Re8 16. Nd6 Re7 17. O-O Nf8 18. Nxc8 1/2-1/2

[Event "NB II. Erkel csoport"]
[Site "Vac"]
[Date "2024.02.18"]
[Round "4.8"]
[White "Kiss, Pal Vac"]
[Black "Gyorfi, Adam"]
[Result "1/2-1/2"]
[WhiteElo "1941"]
[BlackElo "1998"]
[PlyCount "55"]
[EventDate "2023.10.08"]
[EventType "team-tourn"]
[EventRounds "9"]
[EventCountry "HUN"]
[Source "chess.hu"]
[WhiteTeam "Vaci SC"]
[BlackTeam "TFSE"]
[WhiteTeamCountry "HUN"]
[BlackTeamCountry "HUN"]

1. e4 e6 2. d4 d5 3. Nc3 Nf6 4. Bg5 Be7 5. e5 Nfd7 6. h4 a6 7. Qg4 Bxg5 8. hxg5
g6 9. Bd3 c5 10. Bxg6 fxg6 11. Qxe6+ Kf8 12. Qxg6 cxd4 13. e6 Ne5 14. Qf5+ Kg8
15. Qxe5 dxc3 16. e7 Qe8 17. Qxd5+ Kg7 18. Qe5+ Kg8 19. Qd5+ Kg7 20. Qd4+ Kf7
21. Qf6+ Kg8 22. O-O-O cxb2+ 23. Kb1 Nd7 24. Qe6+ Kg7 25. Qh6+ Kg8 26. Qe6+ Kg7
27. Qh6+ Kg8 28. Qe6+ 1/2-1/2

[Event "NB II. Erkel csoport"]
[Site "Vac"]
[Date "2024.02.18"]
[Round "4.9"]
[White "Lajtos, Levente"]
[Black "Torok, Tamas"]
[Result "1-0"]
[WhiteElo "1795"]
[BlackElo "1881"]
[PlyCount "73"]
[EventDate "2023.10.08"]
[EventType "team-tourn"]
[EventRounds "9"]
[EventCountry "HUN"]
[Source "chess.hu"]
[WhiteTeam "TFSE"]
[BlackTeam "Vaci SC"]
[WhiteTeamCountry "HUN"]
[BlackTeamCountry "HUN"]

1. d4 d5 2. c4 c6 3. Nc3 Nf6 4. Nf3 g6 5. Bf4 Bg7 6. e3 O-O 7. cxd5 cxd5 8. Bd3
Nc6 9. O-O Nh5 10. Bg5 Be6 11. Na4 h6 12. Bh4 Bg4 13. h3 Bxf3 14. Qxf3 Qd6 15.
Nc3 e6 16. g4 g5 17. gxh5 gxh4 18. Kh1 Kh8 19. Rg1 f5 20. Nb5 Qd7 21. Rg6 Rf6
22. Rag1 Rxg6 23. Rxg6 Ne7 24. Rg1 a6 25. Nc3 b5 26. Qf4 Ng8 27. Qxh4 Qf7 28.
Ne2 Bf6 29. Qg3 Qxh5 30. Nf4 Qf7 31. Be2 Bg5 32. Bh5 Qd7 33. Ng6+ Kh7 34. Ne5
Qe7 35. h4 Nf6 36. hxg5 Nxh5 37. Qh4 1-0

[Event "NB II. Erkel csoport"]
[Site "Vac"]
[Date "2024.02.18"]
[Round "4.10"]
[White "Kovolgyi, Krisztian"]
[Black "Janosi, Bence"]
[Result "1/2-1/2"]
[WhiteElo "1725"]
[BlackElo "1686"]
[PlyCount "100"]
[EventDate "2023.10.08"]
[EventType "team-tourn"]
[EventRounds "9"]
[EventCountry "HUN"]
[Source "chess.hu"]
[WhiteTeam "Vaci SC"]
[BlackTeam "TFSE"]
[WhiteTeamCountry "HUN"]
[BlackTeamCountry "HUN"]

1. e4 e6 2. d4 d5 3. e5 c5 4. c3 Nc6 5. Nf3 Bd7 6. Bd3 cxd4 7. cxd4 Qb6 8. Bc2
Nge7 9. Nc3 Nb4 10. Bb1 Bb5 11. a3 Nbc6 12. Nxb5 Qxb5 13. Bd3 Qa5+ 14. Bd2 Qb6
15. Bc3 Rc8 16. O-O Ng6 17. Qd2 Be7 18. Rac1 O-O 19. Rc2 Rc7 20. Rfc1 Rfc8 21.
b4 a6 22. Bb2 Na7 23. g3 Nf8 24. h4 Rxc2 25. Rxc2 Rxc2 26. Qxc2 Qc6 27. Qxc6
Nxc6 28. b5 axb5 29. Bxb5 Nd7 30. Kf1 Nb6 31. Ke2 Na7 32. Bd3 Na4 33. Bc1 Nb5
34. Bxb5 Nc3+ 35. Kd3 Nxb5 36. a4 Na7 37. Kc3 Nc6 38. Kb3 Kf8 39. Ba3 Bxa3 40.
Kxa3 Ke7 41. Kb3 Kd7 42. Kc3 f6 43. exf6 gxf6 44. Nd2 e5 45. Nb3 Kd6 46. f3 h6
47. h5 b6 48. g4 Na5 49. Nd2 Nc6 50. Nb3 Na5 1/2-1/2

[Event "NB II. Erkel csoport"]
[Site "Vac"]
[Date "2024.02.18"]
[Round "4.11"]
[White "Wang, Luomeng"]
[Black "Prohaszka, Gyula Imre"]
[Result "0-1"]
[WhiteElo "1627"]
[BlackElo "1516"]
[PlyCount "74"]
[EventDate "2023.10.08"]
[EventType "team-tourn"]
[EventRounds "9"]
[EventCountry "HUN"]
[Source "chess.hu"]
[WhiteTeam "TFSE"]
[BlackTeam "Vaci SC"]
[WhiteTeamCountry "HUN"]
[BlackTeamCountry "HUN"]

1. d4 d5 2. c4 c6 3. Nf3 Nf6 4. Nbd2 Bf5 5. Nh4 Bd7 6. e3 e6 7. Nhf3 c5 8. Bd3
dxc4 9. Nxc4 b5 10. Nce5 c4 11. Bc2 Nc6 12. O-O Bb4 13. e4 O-O 14. Bg5 Kh8 15.
Nxc6 Bxc6 16. e5 Rg8 17. exf6 gxf6 18. Ne5 fxe5 19. Bxd8 Rxg2+ 20. Kh1 Rxf2+
21. d5 Rxf1+ 22. Qxf1 Bxd5+ 23. Kg1 Bc5+ 24. Qf2 Bxf2+ 25. Kxf2 Rxd8 26. Re1
Rg8 27. Be4 Bxe4 28. Rxe4 f6 29. a4 a6 30. Kf3 Kg7 31. Rg4+ Kf7 32. Rh4 Rg7 33.
axb5 axb5 34. Rh6 Ke7 35. h3 f5 36. h4 b4 37. Ke3 Kd6 0-1

[Event "NB II. Erkel csoport"]
[Site "Budapest"]
[Date "2024.03.03"]
[Round "5.1"]
[White "Nguyen, Huynh Minh Huy"]
[Black "Reviczki, Roland"]
[Result "1-0"]
[WhiteElo "2436"]
[BlackElo "2238"]
[PlyCount "67"]
[EventDate "2023.10.08"]
[EventType "team-tourn"]
[EventRounds "9"]
[EventCountry "HUN"]
[Source "chess.hu"]
[WhiteTeam "Dunaharaszti MTK II."]
[BlackTeam "TFSE"]
[WhiteTeamCountry "HUN"]
[BlackTeamCountry "HUN"]

1. d4 Nf6 2. c4 g6 3. Nc3 Bg7 4. Bg5 c5 5. d5 b5 6. cxb5 Qa5 7. Bd2 a6 8. bxa6
Bxa6 9. g3 d6 10. Bg2 Nbd7 11. Nh3 Nb6 12. b3 Nfd7 13. Na4 Qb5 14. Nxb6 Qxb6
15. Rb1 O-O 16. O-O Rfb8 17. a4 c4 18. a5 Qb5 19. bxc4 Qxc4 20. Nf4 Nc5 21. Rc1
Qa2 22. Be3 Qxa5 23. Bxc5 dxc5 24. d6 Ra7 25. dxe7 Rxe7 26. Qd6 Rbe8 27. Rxc5
Qa3 28. Bc6 Rc8 29. Qxe7 Bf8 30. Qf6 Qxc5 31. Bd5 Qa7 32. Ra1 Bg7 33. Rxa6 Rc1+
34. Kg2 1-0

[Event "NB II. Erkel csoport"]
[Site "Budapest"]
[Date "2024.03.03"]
[Round "5.2"]
[White "Laszlo, Csaba"]
[Black "Berczes, Csaba"]
[Result "0-1"]
[WhiteElo "2049"]
[BlackElo "2286"]
[PlyCount "128"]
[EventDate "2023.10.08"]
[EventType "team-tourn"]
[EventRounds "9"]
[EventCountry "HUN"]
[Source "chess.hu"]
[WhiteTeam "TFSE"]
[BlackTeam "Dunaharaszti MTK II."]
[WhiteTeamCountry "HUN"]
[BlackTeamCountry "HUN"]

1. e4 Nf6 2. e5 Nd5 3. d4 d6 4. Nf3 g6 5. c4 Nb6 6. Be3 Bg7 7. Be2 Nc6 8. exd6
cxd6 9. O-O O-O 10. Nc3 Bg4 11. b3 e5 12. dxe5 dxe5 13. Rc1 Nc8 14. Bc5 Re8 15.
Qxd8 Rxd8 16. Rfd1 N8e7 17. h3 Bd7 18. Nd5 Nf5 19. Ne3 b6 20. Nxf5 gxf5 21. Bd6
e4 22. Ne1 Nd4 23. Bf1 Bc6 24. c5 Rd7 25. Nc2 bxc5 26. Bxc5 Ne6 27. Ba3 Rad8
28. Rxd7 Bxd7 29. Rd1 Bc8 30. Rxd8+ Nxd8 31. Ne3 Bd4 32. Nd5 Kg7 33. Bc4 Bd7
34. Kf1 Nc6 35. Bc1 Ne5 36. Be3 Bxe3 37. Nxe3 f4 38. Nd5 Nxc4 39. bxc4 Be6 40.
Nxf4 Bxc4+ 41. Ne2 Bxa2 42. Nc3 Bc4+ 43. Ke1 f5 44. g4 Kf6 45. Kd2 fxg4 46.
hxg4 Ke5 47. Ke3 Bd5 48. Na4 a5 49. Nc3 Bc6 50. Nb1 a4 51. Na3 Kd5 52. Kd2 Bd7
53. Nc2 Ke5 54. Ne3 Be6 55. g5 Kf4 56. g6 hxg6 57. Nc2 Bc4 58. Ne1 a3 59. Kc3
a2 60. Kb2 Kg4 61. Ka1 Bf7 62. Kb2 Kh3 63. f3 e3 64. Nd3 Kg3 0-1

[Event "NB II. Erkel csoport"]
[Site "Budapest"]
[Date "2024.03.03"]
[Round "5.3"]
[White "Vegh, Endre"]
[Black "Suto, Gabor"]
[Result "0-1"]
[WhiteElo "2165"]
[BlackElo "2153"]
[PlyCount "120"]
[EventDate "2023.10.08"]
[EventType "team-tourn"]
[EventRounds "9"]
[EventCountry "HUN"]
[Source "chess.hu"]
[WhiteTeam "Dunaharaszti MTK II."]
[BlackTeam "TFSE"]
[WhiteTeamCountry "HUN"]
[BlackTeamCountry "HUN"]

1. d4 Nf6 2. c4 e6 3. Nc3 c5 4. d5 exd5 5. cxd5 d6 6. e4 g6 7. f4 Bg7 8. Nf3
O-O 9. Be2 Re8 10. e5 dxe5 11. fxe5 Ng4 12. e6 fxe6 13. d6 Qb6 14. O-O Nd7 15.
Kh1 a6 16. Ng5 Nge5 17. Rf4 Qc6 18. Nce4 b6 19. Bd2 Bb7 20. Bc3 Rf8 21. Rh4
Rae8 22. Rxh7 Rf5 23. Bf1 Qd5 24. Qe2 Ref8 25. h3 Nf6 26. Rh4 Nh5 27. Kh2 Nf4
28. Qe3 Rxg5 29. Rxf4 Rxf4 30. Qxf4 Rf5 31. Qd2 Qxe4 32. d7 Nxd7 33. Bxg7 Kxg7
34. Qxd7+ Rf7 35. Qd2 Qf4+ 36. Qxf4 Rxf4 37. Kg3 g5 38. Be2 b5 39. Rc1 c4 40.
a4 Bd5 41. axb5 axb5 42. Rd1 Kf6 43. Bg4 b4 44. h4 c3 45. bxc3 bxc3 46. Rc1 Rc4
47. h5 Be4 48. Be2 Rc5 49. Kf2 Ke5 50. Ke3 c2 51. g4 Rc7 52. Kd2 Rb7 53. Ba6
Rd7+ 54. Kc3 Rd1 55. Kb2 Kf4 56. h6 Rxc1 57. Kxc1 Kxg4 58. Bc8 Kh5 59. Bxe6
Kxh6 60. Bb3 g4 0-1

[Event "NB II. Erkel csoport"]
[Site "Budapest"]
[Date "2024.03.03"]
[Round "5.4"]
[White "Gabula, Adam"]
[Black "Markos, Adam"]
[Result "1/2-1/2"]
[WhiteElo "1973"]
[BlackElo "2089"]
[PlyCount "77"]
[EventDate "2023.10.08"]
[EventType "team-tourn"]
[EventRounds "9"]
[EventCountry "HUN"]
[Source "chess.hu"]
[WhiteTeam "TFSE"]
[BlackTeam "Dunaharaszti MTK II."]
[WhiteTeamCountry "HUN"]
[BlackTeamCountry "HUN"]

1. e4 c6 2. d4 d5 3. exd5 cxd5 4. Bd3 Nc6 5. c3 Nf6 6. h3 g6 7. Nf3 Qd6 8. Be3
Bf5 9. Qc2 e6 10. Nbd2 Bg7 11. O-O O-O 12. Rae1 b5 13. Bxf5 exf5 14. Ne5 Nh5
15. Ndf3 b4 16. Qa4 Rfc8 17. Nxc6 Rxc6 18. cxb4 Rc4 19. a3 Bf6 20. Rc1 f4 21.
b3 Rcc8 22. Bd2 Re8 23. Rc6 Qd8 24. b5 Re2 25. Bb4 Qe8 26. Qa6 Kg7 27. Ne5 Bxe5
28. dxe5 Qxe5 29. Qb7 Re8 30. Rd6 Rxf2 31. Rxf2 Ng3 32. Kh2 f3 33. Rxf3 Nf5+
34. Kg1 Qa1+ 35. Rf1 Qd4+ 36. Kh2 Qe5+ 37. Kg1 Qd4+ 38. Kh2 Qe5+ 39. Kg1
1/2-1/2

[Event "NB II. Erkel csoport"]
[Site "Budapest"]
[Date "2024.03.03"]
[Round "5.5"]
[White "Szekeres, Tibor"]
[Black "Biro, Zsolt"]
[Result "1/2-1/2"]
[WhiteElo "2047"]
[BlackElo "1931"]
[PlyCount "20"]
[EventDate "2023.10.08"]
[EventType "team-tourn"]
[EventRounds "9"]
[EventCountry "HUN"]
[Source "chess.hu"]
[WhiteTeam "Dunaharaszti MTK II."]
[BlackTeam "TFSE"]
[WhiteTeamCountry "HUN"]
[BlackTeamCountry "HUN"]

1. d4 e6 2. c4 b6 3. Nf3 Bb7 4. g3 Nf6 5. Bg2 Bb4+ 6. Bd2 Qe7 7. O-O Bxd2 8.
Qxd2 O-O 9. Nc3 d6 10. Qc2 Nbd7 1/2-1/2

[Event "NB II. Erkel csoport"]
[Site "Budapest"]
[Date "2024.03.03"]
[Round "5.6"]
[White "Gyorfi, Adam"]
[Black "Szollosi, Laszlo"]
[Result "1-0"]
[WhiteElo "2042"]
[BlackElo "2045"]
[PlyCount "83"]
[EventDate "2023.10.08"]
[EventType "team-tourn"]
[EventRounds "9"]
[EventCountry "HUN"]
[Source "chess.hu"]
[WhiteTeam "TFSE"]
[BlackTeam "Dunaharaszti MTK II."]
[WhiteTeamCountry "HUN"]
[BlackTeamCountry "HUN"]

1. d4 e6 2. Nf3 Nf6 3. g3 d5 4. Bg2 c6 5. O-O Bd6 6. b3 O-O 7. c4 Ne4 8. Bb2
Nd7 9. Nbd2 f5 10. Rc1 Ndf6 11. Ne5 Bd7 12. Nxd7 Qxd7 13. Nf3 Qf7 14. Ne5 Qh5
15. e3 Qh6 16. Qe2 Rad8 17. Rcd1 a6 18. a3 Nd7 19. f3 Ng5 20. f4 Ne4 21. Bxe4
fxe4 22. Qg4 Rf5 23. Nxd7 Rxd7 24. c5 Bc7 25. h4 Rdf7 26. Rd2 Bd8 27. Rh2 Qh5
28. Qxh5 Rxh5 29. Bc3 h6 30. Be1 Rhf5 31. g4 R5f6 32. g5 Rf5 33. Rff2 h5 34. b4
b5 35. cxb6 e5 36. fxe5 Rxf2 37. Rxf2 Bxb6 38. Rc2 Rc7 39. Bg3 Kf8 40. e6 Rc8
41. Bd6+ Ke8 42. Rf2 1-0

[Event "NB II. Erkel csoport"]
[Site "Budapest"]
[Date "2024.03.03"]
[Round "5.7"]
[White "Kovacs, Istvan"]
[Black "Guber, Peter"]
[Result "1/2-1/2"]
[WhiteElo "2068"]
[BlackElo "1934"]
[PlyCount "73"]
[EventDate "2023.10.08"]
[EventType "team-tourn"]
[EventRounds "9"]
[EventCountry "HUN"]
[Source "chess.hu"]
[WhiteTeam "Dunaharaszti MTK II."]
[BlackTeam "TFSE"]
[WhiteTeamCountry "HUN"]
[BlackTeamCountry "HUN"]

1. d4 d5 2. Nf3 e6 3. c4 Nf6 4. Nc3 b6 5. Bg5 Be7 6. e3 Bb7 7. cxd5 Nxd5 8.
Bxe7 Qxe7 9. Bb5+ c6 10. Nxd5 exd5 11. Bd3 Qb4+ 12. Qd2 a5 13. a3 Qxd2+ 14.
Kxd2 Nd7 15. Rac1 O-O 16. Rc3 g6 17. a4 f6 18. Rb1 Kf7 19. b4 axb4 20. Rxb4 Ra5
21. e4 Ke6 22. exd5+ Kxd5 23. Bc2 Re8 24. Re3 Rxe3 25. fxe3 Kd6 26. e4 c5 27.
dxc5+ Rxc5 28. Bd3 Bc6 29. Nd4 Re5 30. Nxc6 Kxc6 31. Bb5+ Kc7 32. Bxd7 Kxd7 33.
Rxb6 Rxe4 34. Rxf6 Rxa4 35. Rf7+ Ke6 36. Rxh7 Ra2+ 37. Ke3 1/2-1/2

[Event "NB II. Erkel csoport"]
[Site "Budapest"]
[Date "2024.03.03"]
[Round "5.8"]
[White "Csalami, Gabor"]
[Black "Fodre, Sandor"]
[Result "1/2-1/2"]
[WhiteElo "1945"]
[BlackElo "1900"]
[PlyCount "78"]
[EventDate "2023.10.08"]
[EventType "team-tourn"]
[EventRounds "9"]
[EventCountry "HUN"]
[Source "chess.hu"]
[WhiteTeam "TFSE"]
[BlackTeam "Dunaharaszti MTK II."]
[WhiteTeamCountry "HUN"]
[BlackTeamCountry "HUN"]

1. e4 d5 2. exd5 Qxd5 3. Nc3 Qd6 4. d4 Nf6 5. Nf3 Bg4 6. Be2 e6 7. h3 Bxf3 8.
Bxf3 c6 9. O-O Nbd7 10. Re1 Nb6 11. Ne2 Be7 12. Bf4 Qd7 13. a4 O-O 14. a5 Nbd5
15. Be5 b5 16. c3 Rac8 17. b4 Rfd8 18. Qc2 Bd6 19. Nc1 Qe7 20. Nd3 Ne8 21. Bxd6
Nxd6 22. Ne5 Qg5 23. g3 Qf5 24. Qxf5 Nxf5 25. Rac1 Nd6 26. Bg2 g5 27. Kf1 f6
28. Nxc6 Rxc6 29. Rxe6 Rxc3 30. Bxd5 Rxc1+ 31. Re1+ Nf7 32. Bxf7+ Kxf7 33. Rxc1
Rxd4 34. Rc7+ Kg6 35. Rxa7 Rxb4 36. Rb7 Rb2 37. a6 Ra2 38. a7 b4 39. Rxb4 Rxa7
1/2-1/2

[Event "NB II. Erkel csoport"]
[Site "Budapest"]
[Date "2024.03.03"]
[Round "5.9"]
[White "Kovacs, Milan"]
[Black "Szarvas, Nora"]
[Result "1/2-1/2"]
[WhiteElo "2040"]
[BlackElo "1955"]
[PlyCount "51"]
[EventDate "2023.10.08"]
[EventType "team-tourn"]
[EventRounds "9"]
[EventCountry "HUN"]
[Source "chess.hu"]
[WhiteTeam "Dunaharaszti MTK II."]
[BlackTeam "TFSE"]
[WhiteTeamCountry "HUN"]
[BlackTeamCountry "HUN"]

1. e4 c5 2. Bc4 d6 3. Nc3 Nc6 4. f4 g6 5. Nf3 Bg7 6. f5 Nf6 7. d3 Bd7 8. O-O
Na5 9. fxg6 hxg6 10. e5 dxe5 11. Nxe5 Nxc4 12. dxc4 Be6 13. Be3 Qc7 14. Bf4 Qb6
15. Qe2 O-O-O 16. h3 Nd7 17. Nd5 Bxd5 18. cxd5 Nxe5 19. Bxe5 f6 20. Qg4+ f5 21.
Qe2 Bxe5 22. Qxe5 Qd6 23. Rae1 Qxd5 24. Qxd5 Rxd5 25. Rxe7 Rd2 26. Rf2 1/2-1/2

[Event "NB II. Erkel csoport"]
[Site "Budapest"]
[Date "2024.03.03"]
[Round "5.10"]
[White "Lajtos, Levente"]
[Black "Lengyel, Andrea"]
[Result "1-0"]
[WhiteElo "1887"]
[BlackElo "1918"]
[PlyCount "63"]
[EventDate "2023.10.08"]
[EventType "team-tourn"]
[EventRounds "9"]
[EventCountry "HUN"]
[Source "chess.hu"]
[WhiteTeam "TFSE"]
[BlackTeam "Dunaharaszti MTK II."]
[WhiteTeamCountry "HUN"]
[BlackTeamCountry "HUN"]

1. d4 d5 2. c4 dxc4 3. Nc3 Nf6 4. Nf3 e6 5. Bg5 Be7 6. e3 a6 7. Bxc4 b5 8. Bd3
Bb7 9. O-O Nbd7 10. Rc1 Rc8 11. Qe2 O-O 12. Rfd1 Nh5 13. Bxe7 Qxe7 14. a4 b4
15. Ne4 a5 16. Nc5 Nxc5 17. Rxc5 Nf6 18. Rdc1 Nd5 19. Rxa5 Ra8 20. Rcc5 f5 21.
Ne5 g5 22. Qh5 Qg7 23. Rxa8 Bxa8 24. Bc4 g4 25. Nc6 Rf6 26. Qe8+ Qf8 27. Qxf8+
Kxf8 28. Bxd5 exd5 29. Nxb4 c6 30. Ra5 Bb7 31. Ra7 Rf7 32. a5 1-0

[Event "NB II. Erkel csoport"]
[Site "Budapest"]
[Date "2024.03.03"]
[Round "5.11"]
[White "Neszmenyi, Zoltan"]
[Black "Ilko-Toth, Andras"]
[Result "1/2-1/2"]
[WhiteElo "1915"]
[BlackElo "1902"]
[PlyCount "108"]
[EventDate "2023.10.08"]
[EventType "team-tourn"]
[EventRounds "9"]
[EventCountry "HUN"]
[Source "chess.hu"]
[WhiteTeam "Dunaharaszti MTK II."]
[BlackTeam "TFSE"]
[WhiteTeamCountry "HUN"]
[BlackTeamCountry "HUN"]

1. Nf3 Nf6 2. c4 c5 3. Nc3 Nc6 4. g3 g6 5. Bg2 Bg7 6. O-O O-O 7. d4 cxd4 8.
Nxd4 d6 9. e3 Qc7 10. b3 a6 11. Bb2 Bd7 12. Rc1 Qd8 13. Qe2 Ne8 14. Rfd1 Nc7
15. Ne4 Qe8 16. Nxc6 Bxc6 17. Bxg7 Kxg7 18. c5 d5 19. Nc3 e6 20. e4 Rd8 21.
exd5 exd5 22. Rc2 d4 23. Ne4 Nb5 24. a4 d3 25. Rxd3 Nd4 26. Rxd4 Rxd4 27. Rc4
Rxc4 28. Qxc4 Qe5 29. Nd6 Qa1+ 30. Qf1 Qxf1+ 31. Kxf1 Kf6 32. Nxb7 Rc8 33. Nd6
Bxg2+ 34. Kxg2 Rc6 35. Kf3 Ke6 36. b4 Kd5 37. Ke3 a5 38. bxa5 Rxc5 39. Nxf7
Rxa5 40. Kf4 Rxa4+ 41. Kf3 Ra7 42. Ng5 h6 43. Nh3 Ra3+ 44. Kg4 Ra4+ 45. Kf3 g5
46. Ng1 Re4 47. h3 h5 48. g4 hxg4+ 49. hxg4 Ra4 50. Nh3 Ra3+ 51. Kg2 Ke4 52.
f3+ Rxf3 53. Nxg5+ Kf4 54. Nxf3 Kxg4 1/2-1/2

[Event "NB II. Erkel csoport"]
[Site "Budapest"]
[Date "2024.03.03"]
[Round "5.12"]
[White "Tagai, Marton"]
[Black "Farkas, Sara"]
[Result "1-0"]
[WhiteElo "1841"]
[BlackElo "1707"]
[PlyCount "67"]
[EventDate "2023.10.08"]
[EventType "team-tourn"]
[EventRounds "9"]
[EventCountry "HUN"]
[Source "chess.hu"]
[WhiteTeam "TFSE"]
[BlackTeam "Dunaharaszti MTK II."]
[WhiteTeamCountry "HUN"]
[BlackTeamCountry "HUN"]

1. e4 e6 2. d4 d5 3. e5 c5 4. c3 Nc6 5. Nf3 Qb6 6. a3 cxd4 7. cxd4 Nh6 8. b4
Nf5 9. Be3 a6 10. Nc3 Bd7 11. Na4 Qd8 12. Nc5 Bxc5 13. bxc5 b5 14. Be2 O-O 15.
O-O h6 16. Ne1 f6 17. exf6 Rxf6 18. Nc2 Nxe3 19. fxe3 Rxf1+ 20. Qxf1 Qg5 21.
Qf4 Qxf4 22. exf4 Rf8 23. g3 Be8 24. Bg4 Rf6 25. Re1 Bf7 26. Kf2 g5 27. Ke3 Kf8
28. Nb4 Na5 29. Be2 Be8 30. fxg5 hxg5 31. Rf1 Rxf1 32. Bxf1 Nc4+ 33. Bxc4 bxc4
34. Nxa6 1-0

[Event "NB II. Erkel csoport"]
[Site "Fot"]
[Date "2024.03.03"]
[Round "5.1"]
[White "Gyenes, Mate"]
[Black "Sagi, Bence"]
[Result "1-0"]
[WhiteElo "2155"]
[BlackElo "2164"]
[PlyCount "101"]
[EventDate "2023.10.08"]
[EventType "team-tourn"]
[EventRounds "9"]
[EventCountry "HUN"]
[Source "chess.hu"]
[WhiteTeam "Vaci SC"]
[BlackTeam "Fot SE-LearningChess"]
[WhiteTeamCountry "HUN"]
[BlackTeamCountry "HUN"]

1. e4 c5 2. Nf3 Nc6 3. Bb5 e5 4. O-O Bd6 5. c3 a6 6. Bc4 b5 7. Bd5 Rb8 8. d4
Nge7 9. Ng5 Nxd5 10. exd5 Ne7 11. dxc5 Bxc5 12. d6 Rb6 13. Ne4 Nf5 14. Nxc5
Rxd6 15. Qg4 g6 16. Nd2 Rc6 17. Nd3 d6 18. Qe4 Bb7 19. Nb4 Rb6 20. Nd5 Ne7 21.
Nf6+ Kf8 22. Qe3 Kg7 23. Nde4 h6 24. Ne8+ Qxe8 25. Qxb6 Bxe4 26. Qxd6 Nf5 27.
Qxa6 Qd7 28. f3 Bb7 29. Qb6 e4 30. Bf4 Re8 31. Qc7 Qxc7 32. Bxc7 exf3 33. gxf3
Nh4 34. Kf2 Nxf3 35. a4 Rc8 36. Bg3 b4 37. cxb4 Rc2+ 38. Ke3 Rxb2 39. Ra3 Nxh2
40. Be5+ Kf8 41. Bxb2 Nxf1+ 42. Ke2 Nh2 43. b5 f5 44. a5 f4 45. a6 f3+ 46. Ke1
Bd5 47. b6 Ng4 48. Bd4 f2+ 49. Bxf2 Nxf2 50. Kxf2 Ke7 51. b7 1-0

[Event "NB II. Erkel csoport"]
[Site "Fot"]
[Date "2024.03.03"]
[Round "5.2"]
[White "Bravin, Alexey"]
[Black "Mirza, Solyom"]
[Result "0-1"]
[WhiteElo "2059"]
[BlackElo "2059"]
[PlyCount "62"]
[EventDate "2023.10.08"]
[EventType "team-tourn"]
[EventRounds "9"]
[EventCountry "HUN"]
[Source "chess.hu"]
[WhiteTeam "Fot SE-LearningChess"]
[BlackTeam "Vaci SC"]
[WhiteTeamCountry "HUN"]
[BlackTeamCountry "HUN"]

1. Nf3 Nf6 2. d4 c5 3. d5 e6 4. c4 b5 5. Bg5 h6 6. Bxf6 Qxf6 7. Nc3 b4 8. Nb5
Na6 9. Qc2 Be7 10. e4 e5 11. a3 O-O 12. Bd3 d6 13. h3 Bd7 14. Qe2 Bd8 15. O-O
g5 16. Nh2 Qg6 17. g4 Kg7 18. Kg2 Rh8 19. f3 h5 20. Qe3 Bb6 21. Be2 Rh6 22. Rh1
Rah8 23. Nf1 Bxb5 24. cxb5 c4 25. Qd2 hxg4 26. bxa6 gxf3+ 27. Bxf3 g4 28. Ng3
gxf3+ 29. Kxf3 Rxh3 30. Rhg1 Qh5+ 31. Kg2 Rh2+ 0-1

[Event "NB II. Erkel csoport"]
[Site "Fot"]
[Date "2024.03.03"]
[Round "5.3"]
[White "Tornai, Imre"]
[Black "Sofrygin, Alexey"]
[Result "0-1"]
[WhiteElo "2017"]
[BlackElo "2212"]
[PlyCount "62"]
[EventDate "2023.10.08"]
[EventType "team-tourn"]
[EventRounds "9"]
[EventCountry "HUN"]
[Source "chess.hu"]
[WhiteTeam "Vaci SC"]
[BlackTeam "Fot SE-LearningChess"]
[WhiteTeamCountry "HUN"]
[BlackTeamCountry "HUN"]

1. e4 e5 2. Nf3 Nc6 3. Bc4 Bc5 4. O-O Nf6 5. d3 d6 6. Bg5 h6 7. Bh4 g5 8. Bg3
Bg4 9. c3 Bb6 10. Nbd2 Nh5 11. Kh1 Ng7 12. Qb3 Qf6 13. h3 Bd7 14. Rae1 Ne7 15.
d4 Ng6 16. dxe5 dxe5 17. Ng1 Nh5 18. Be2 Nhf4 19. Nc4 O-O-O 20. Ne3 h5 21. Nd5
Nxd5 22. exd5 g4 23. Bd3 Nf4 24. Bxf4 exf4 25. Qd1 f3 26. Be4 Bb5 27. gxf3 Bxf1
28. Rxf1 Qe5 29. Qd3 Kb8 30. Ne2 f5 31. Bxf5 Rxd5 0-1